Riconosci la Squadra di calcio - Quiz n°108 - Statistics

Statistiche generali
  • Questo quiz è stato fatto 9 volte
  • Il punteggio medio è 10 su 13
Statistiche sulle risposte
Indizio Risposta % Corretto
Titoli nazionali 1 Scudetto Interregionale
100%
Simboli Lupo
100%
Colori sociali Rosso, blu
100%
Trofei nazionali 1 Coppe Italia Serie C/Lega Pro
88%
Divisione nazionale 2023-2024 Seconda
88%
Fondazione 1912
75%
Rifondazione 2003
75%
Rifondazione 2007
75%
Rifondazione 2011
75%
Confederazione UEFA
75%
Trofei internazionali 1 Coppa Anglo-Italiana
63%
Capienza Stadio 20 987 posti
63%
Squadra Cosenza
63%
Nessun quiz corrispondente trovato
Distribuzione punteggi
Percentuale di utenti per punteggio
Percentile per numero di risposta
I tuoi punteggi nel tempo
Non hai fatto questo quiz